| 000 -ლიდერი |
| ფიქსირებული სიგრძის საკონტროლო ველი |
01551nam a2200253Ia 4500 |
| 001 - საკონტროლო ნომერი |
| საკონტროლო ველი |
21498 |
| 003 - საკონტროლო ნომრის იდენტიფიკატორი |
| საკონტროლო ველი |
GE_BSU |
| 005 - ბოლო ოპერაციის თარიღი და დრო |
| საკონტროლო ველი |
20230524122906.0 |
| 008 - ფიქსირებული სიგრძის მონაცემთა ელემენტები - ზოგადი ინფორმაცია |
| ფიქსირებული სიგრძის საკონტროლო ველი |
181216s2017||||ge |||||||||||||| ||geo|| |
| 020 ## - წიგნის საერთაშორისო სტანდარტული ნომერი |
| International Standard Book Number |
978994109756 |
| 040 ## - კატალოგიზაციის წყარო |
| Transcribing agency |
GE_BSU |
| 041 ## - ენის კოდი |
| Language code of text/sound track or separate title |
geo |
| 080 ## - უნივერსალური ათობითი კლასიფიკაციის ინდექსი |
| Universal Decimal Classification number |
94(479.223) დ-43 |
| 100 ## - მთავარი ჩანაწერი - პიროვნების სახელი |
| Personal name |
დიასამიძე, ბიჭიკო |
| 9 (RLIN) |
13004 |
| 245 ## - ცნობა სათაურის შესახებ |
| Title |
სამი ისტორიული მხარე ერთ თანამედროვე მუნიციპალიტეტის ფარგლებში / |
| Statement of responsibility, etc |
ბიჭიკო დიასამიძე ; რედ. ნოდარ კახიძე. |
| 264 ## - წარმოების, გამოცემის, დისტრიბუციის და სხვა ცნობები |
| გამოცემის, წარმოების, დისტრიბუციის... ადგილი |
ბათუმი : |
| გამოცემის, წარმოების, დისტრიბუციის... სახელწოდება |
[?], |
| გამოცემის, წარმოების, დისტრიბუციის... თარიღი |
2017. |
| 300 ## - ფიზიკური აღწერა |
| Extent |
60 გვ. : |
| Other physical details |
ილ.; |
| Dimensions |
19 სმ. |
| Accompanying material |
1ფ. პორტრეტი |
| 500 ## - ზოგადი შენიშვნა |
| General note |
ნაშრომში შესწავლილია თანამედროვე ხელვაჩაურის მუნიციპალიტეტში შემავალი ისტორიული მხარეების : ბათუმის, გონიო-მარადიდის და მაჭახლის ხეობის წარსული |
| 500 ## - ზოგადი შენიშვნა |
| General note |
სამი ისტორიული მხარე ერთ თანამედროვე მუნიციპალიტეტის ფარგლებში |
| 653 ## - INDEX TERM--UNCONTROLLED |
| Uncontrolled term |
ისტორია |
| 700 ## - ADDED ENTRY--PERSONAL NAME |
| Personal name |
კახიძე, ნოდარ |
| Relator term |
რედაქტორი |
| 9 (RLIN) |
13005 |
| 942 ## - ADDED ENTRY ELEMENTS (KOHA) |
| Koha item type |
წიგნი |
| Source of classification or shelving scheme |
|